000 00467nam a2200193Ia 4500
005 20240823015139.0
008 240823s9999||||xx |||||||||||||| ||und||
041 _aENGLISH
082 _A671 N2
100 _a"Jutz,Hermann"
245 0 _aWestermann tables for the metal trade
250 _a1st
260 _c1992
_b"Wiley,New Delhi"
500 _aTRANSFERED
650 _aTables
_bMechanical
700 _a" Scharkus,Eduard"
942 _cBK
999 _c171748
_d171748